000 00816nam a2200253Ia 4500
003 OSt
005 20221005110434.0
006 a|||||r|||| 00| 0
007 ta
008 221004b |||||||| |||| 00| 0 hin d
020 _a8170164028 (hbk)
_c175
024 _a99446
037 _b356, 02/03/2010, Swaraj Prakashan
_cTextual
040 _aCRL
_cCRL
_bhin
041 _2hin
_ahin
082 _aO152,1N373x, N8
100 _aशाह, रमेशचंद्र
245 0 _aबहुवचन
246 _aBahuvachana
260 _aनई दिल्ली
_bकिताबघर भारत
_c1998
300 _a235पृ0
_ccm.
942 _hO152,1N373x, N8
_cTEXL
_2cc
999 _c1018814
_d1018814